Entry Nombre personal
001 - NÚMERO DE CONTROL
- campo de control: 86349
003 - IDENTIFICADOR DE NÚMERO DE CONTROL
- campo de control: SpMaBN
005 - FECHA Y HORA DE LA ÚLTIMA TRANSACCIÓN
- campo de control: 20231218204940.0
008 - ELEMENTOS DE DATO DE LONGITUD-FIJA
- campo de control de longitud fija: 081179n| aijnnaabn a aaa
016 ## - NÚMERO DE CONTROL DE UNA AGENCIA BIBLIOGRÁFICA NACIONAL
- Número de control del registro: BNE19913030433
024 7# - IDENTIFICADOR DE OTROS ESTÁNDARES
- Número estándar o código: http://viaf.org/viaf/306349945/
- Fuente: viaf
024 7# - IDENTIFICADOR DE OTROS ESTÁNDARES
- Número estándar o código: https://isni.org/isni/0000000114522190
- Fuente: isni
024 7# - IDENTIFICADOR DE OTROS ESTÁNDARES
- Número estándar o código: http://www.wikidata.org/entity/Q5752296
- Fuente: wikidata
040 ## - FUENTE DE CATALOGACIÓN
- Centro catalogador/agencia de origen: SpMaBN
- Lengua de catalogación: spa
- Centro/agencia transcriptor: SpMaBN
- Normas de descripción: rdc
- Convención/Normas de encabezamiento de materia/tesauro: embne
046 ## - FECHAS CON CODIFICACIÓN ESPECIAL
- Fecha de nacimiento: 1904
- Fecha de la muerte: 1990
100 1# - ENCABEZAMIENTO-NOMBRE DE PERSONA
- Nombre de persona: O'Neill, Carlota,
- Fechas asociadas al nombre: 1904-1990
370 ## - LUGAR ASOCIADO
- Lugar de nacimiento: Madrid, España
- Fuente de información: (Wikidata)
- Número de control del registro de autoridad o número normalizado: XX450543
372 ## - CAMPO DE ACTIVIDAD
- Campo de actividad: Biografía
- Campo de actividad: Novela
- Campo de actividad: Drama
- Campo de actividad: Ficción romántica
- Fuente de información: Wikidata
373 ## - GRUPO ASOCIADO
- Grupo asociado: Ateneo de Madrid
- Fuente de información: Listado de socios anteriores a 1 de abril de 1939 (Archivo del Ateneo); Ateneístas ilustres II (2007)
374 ## - OCUPACIÓN
- Ocupación: Escritores
- Ocupación: Periodistas
- Fuente de información: Wikidata
375 ## - GÉNERO/SEXO
- Género: Femenino
377 ## - IDIOMA ASOCIADO
- Término de lengua/lenguaje: Español
400 10 - TRAZADO DE VÉASE--NOMBRE DE PERSONA
- Nombre de persona: O'Neill Lamo, Carlota,
- Fechas asociadas al nombre: 1904-1990
400 1# - TRAZADO DE VÉASE--NOMBRE DE PERSONA
- Nombre de persona: O'Neill de Lamo, Carlota,
- Fechas asociadas al nombre: 1904-1990
400 1# - TRAZADO DE VÉASE--NOMBRE DE PERSONA
- Nombre de persona: Lionell, Carlota,
- Fechas asociadas al nombre: 1904-1990
500 10 - TRAZADO DE VÉASE ADEMÁS--NOMBRE DE PERSONA
- Subcampo de control: nnnc
- Nombre de persona: Noves, Laura de
- Fechas asociadas al nombre: 1904-1990
663 ## - REFERENCIA COMPLEJA DE VÉASE ADEMÁS--NOMBRE
- Texto explicativo: Para obras de esta autora escritas bajo seudónimo, véase además:
- Encabezamiento referido a: Noves, Laura de, 1904-1990
670 ## - FUENTE DE DATOS ENCONTRADOS
- Cita de la fuente: Una mexicana en la guerra de España, 1964
- Información encontrada: port. (Carlota O'Neill)
670 ## - FUENTE DE DATOS ENCONTRADOS
- Cita de la fuente: ¡No tenéis corazón, 1924!
- Información encontrada: port. (Carlota O'Neill Lamo)
670 ## - FUENTE DE DATOS ENCONTRADOS
- Cita de la fuente: Cat. de escritoras españolas en lengua castellana (1860-1992), de Lidia Falcón, Elvira Siurana, 1992
- Información encontrada: (O'Neill, Carlota; n. en 1904 en Madrid y m. en 1990 en Venezuela; escribe numerosas obras de teatro, reportajes, crónicas y novelas, éstas últimas firmadas con el seud. de Laura de Noves)
670 ## - FUENTE DE DATOS ENCONTRADOS
- Cita de la fuente: Las heridas de la historia, 2004
- Información encontrada: p. 39 (Carlota O'Neill Lamo, n. 27-03-1905, Madrid)
670 ## - FUENTE DE DATOS ENCONTRADOS
- Cita de la fuente: WWW Catálogo de escritoras españolas (Biblioteca de Mujeres (Madrid)), 20-03-2018 http://www.mujerpalabra.net/bibliotecademujeres/pages/catalogos_ bibliografias/escr_esp.htm
670 ## - FUENTE DE DATOS ENCONTRADOS
- Cita de la fuente: WWW Los ojos de hipatia, 25-06-2017
- Información encontrada: (Carlota O'Neill trabajó bajo los seudonimos Laura de Noves y Carlota Lionell)
670 ## - FUENTE DE DATOS ENCONTRADOS
- Cita de la fuente: WWW BN España aut., 23/06/2023
- Información encontrada: (O'Neill, Carlota, 1904-1990)
678 ## - DATOS BIOGRÁFICOS O HISTÓRICOS
- Datos biográficos o históricos: Socia del Ateneo de Madrid n. 16719
- Ampliación de la nota: Fuentes: Listado de socios anteriores a 1 de abril de 1939 (Archivo del Ateneo); Ateneístas ilustres II (2007)
